000 00682nam a2200217Ia 4500
003 OSt
005 20220928144725.0
006 a|||||r|||| 00| 0
007 ta
008 220927b |||||||| |||| 00| 0 eng d
024 _a73276
037 _cTextual
040 _aSDCL
_cSDCL
_beng
041 _2eng
_aeng
082 _aX:77.212'N7, L7
100 _aCENTRE FOR DEVELOPMENT STUDIES.(Trivandrum)
_9509257
245 0 _aPoverty, unemployment and development policy
_b A case study of selected issues with reference to Kerala.
260 _c1977
942 _hX:77.212'N7, L7
_cTEXL
_2CC
999 _c829179
_d829179